Ma vie, ma folie (Roman)

Shranjeno v:
Bibliografske podrobnosti
Glavni avtor: Bigras, Julien
Format: Knjiga
Jezik:French
Izdano: Quebec, Canadá Boréal Express 1983
Teme:
Oznake: Označite
Brez oznak, prvi označite!

MARC

LEADER 00000nam a2200000Ia 4500
008 170316s9999 xx 000 0 fre d
040 |a cru BVZT 
090 |a 818 B-10m 
100 |a Bigras, Julien 
245 |a Ma vie, ma folie (Roman)  |c Julien Bigras 
260 |a Quebec, Canadá 
260 |b Boréal Express 
260 |c 1983 
300 |a 216 páginas 
650 |a LITERATURA CANADIENSE 
650 |a EN IDIOMA FRANCÉS 
650 |a NOVELA  |9 13 
999 |c 21744  |d 21744 
942 |c LIB  |h 818 B-10m  |2 z